000 00499nam a2200181Ia 4500
005 20250326124633.0
008 250326s9999 xx 000 0 und d
037 _aTextbook
040 _aFMSL
_beng
_cFMSL
041 _aeng
_2eng
084 _aX:8.1 J9
_qFMSL
100 _aHarbison F
_9333427
245 0 _aManagement in the industrial world
_cHarbison F; Myers C A
260 _aNY
_bNY, McGraw-Hill
_c1959
300 _a413p
942 _cTB
_hX:8.1 J9
999 _c1274515
_d1274515